| 000 | 01395cam a2200337 4500 | ||
|---|---|---|---|
| 001 | |||
| 008 | 021021n2002 000 0 eng u | ||
| 020 | _a184263111X | ||
| 035 | _a(Sirsi) u120179 | ||
| 041 |
_a306.1 _c18 |
||
| 100 | _aCrook, Tony | ||
| 245 |
_aPlanning gain and affordable housing _bmaking it count |
||
| 260 |
_aYork _bYork Publishing Services _c2002 |
||
| 300 |
_avii, 60p. _c30cm. |
||
| 350 | _a15.95 | ||
| 520 | _aAn evaluation of s106 planning agreements by the Joseph Rowntree Foundation, supported by other bodies including RICS, which argues that the growing use of 'planning gain' powers to secure social housing from developers has done little to raise the total number of affordable homes being provided. The study also considers the cost of building affordable homes and who bears those costs. | ||
| 650 |
_aAffordable housing _96215 |
||
| 650 | _aHOUSING COMPLETIONS | ||
| 650 | _aTOWN AND COUNTRY PLANNING ACT 1990 S106 | ||
| 650 | _aPLANNING GAIN | ||
| 690 |
_aPlanning and development _96259 |
||
| 700 | _aCurrie, Jennie | ||
| 700 | _aJackson, Alastair | ||
| 700 | _aMonk, Sarah | ||
| 700 | _aRowley, Steven | ||
| 700 | _aSmith, Kerry | ||
| 700 | _aWhitehead, Christine | ||
| 710 |
_aJoseph Rowntree Foundation _92318 |
||
| 856 |
_uhttps://www.jrf.org.uk/bookshop/details.asp?pubID=477 _zView the report at www.jrf.org.uk... |
||
| 942 | _n0 | ||
| 999 |
_c102498 _d102498 |
||